A minor edition of the Armenian version of Joseph and Aseneth / (Record no. 323574)
[ view plain ]
| 000 -LEADER | |
|---|---|
| fixed length control field | 00912nam a2200265 i 4500 |
| 001 - CONTROL NUMBER | |
| control field | 000967188 |
| 003 - CONTROL NUMBER IDENTIFIER | |
| control field | AM-YeHGA |
| 005 - DATE AND TIME OF LATEST TRANSACTION | |
| control field | 20250617150042.0 |
| 008 - FIXED-LENGTH DATA ELEMENTS--GENERAL INFORMATION | |
| fixed length control field | 100423s2010 be 000 0 arm d |
| 020 ## - INTERNATIONAL STANDARD BOOK NUMBER | |
| International Standard Book Number | 9789042920415 (pbk.) |
| 020 ## - INTERNATIONAL STANDARD BOOK NUMBER | |
| International Standard Book Number | 9042920416 (pbk.) |
| 040 ## - CATALOGING SOURCE | |
| Original cataloging agency | AM-YeHGA |
| 041 0# - LANGUAGE CODE | |
| Language code of text/sound track or separate title | arm |
| -- | eng |
| 090 ## - LOCALLY ASSIGNED LC-TYPE CALL NUMBER (OCLC); LOCAL CALL NUMBER (RLIN) | |
| -- | 325319 |
| 100 1# - MAIN ENTRY--PERSONAL NAME | |
| Personal name | Burchard, Christoph. |
| 245 12 - TITLE STATEMENT | |
| Title | A minor edition of the Armenian version of Joseph and Aseneth / |
| Statement of responsibility, etc. | by Christoph Burchard ; with an index of words by Joseph J.S. Weitenberg. |
| 260 ## - PUBLICATION, DISTRIBUTION, ETC. | |
| Place of publication, distribution, etc. | Leuven : |
| Name of publisher, distributor, etc. | Peeters, |
| Date of publication, distribution, etc. | 2010. |
| 300 ## - PHYSICAL DESCRIPTION | |
| Extent | 211 p. ; |
| Dimensions | 24 cm. |
| 490 1# - SERIES STATEMENT | |
| Series statement | Hebrew University Armenian studies ; |
| Volume/sequential designation | 10 |
| 500 ## - GENERAL NOTE | |
| General note | Includes English introduction. |
| 504 ## - BIBLIOGRAPHY, ETC. NOTE | |
| Bibliography, etc. note | Includes bibliographical references and index. |
| 630 00 - SUBJECT ADDED ENTRY--UNIFORM TITLE | |
| Uniform title | Joseph and Aseneth. |
| Language of a work | Armenian. |
| 730 00 - ADDED ENTRY--UNIFORM TITLE | |
| Uniform title | Joseph and Aseneth. |
| Language of a work | Armenian. |
| 830 #0 - SERIES ADDED ENTRY--UNIFORM TITLE | |
| Uniform title | Hebrew University Armenian studies ; |
| Volume/sequential designation | 10. |
| Withdrawn status | Lost status | Damaged status | Not for loan | Collection | Home library | Current library | Date acquired | Cost, normal purchase price | Total checkouts | Full call number | Barcode | Date last seen | Price effective from | Koha item type | Public note |
|---|---|---|---|---|---|---|---|---|---|---|---|---|---|---|---|
| General | Fundamental Scientific Library | Fundamental Scientific Library | 09/01/2017 | 4000.00 | И II/114989 | FL0223291 | 09/01/2017 | 09/01/2017 | Գրքեր / Books | 30 Days Loan |
ՀՀ Գիտությունների ազգային ակադեմիայի հիմնարար գիտական գրադարան = Fundamental Scientific Library of NAS RA
All site content, except where otherwise noted, is licensed under a